| 000 | 00662nam a2200229 i 4500 | ||
|---|---|---|---|
| 001 | bg | ||
| 245 | 0 | 0 |
_aPrzedsiębiorstwo / _cpod red. Mariana Hopeja i Lesława Martana. |
| 260 |
_aWrocław : _bOficyna Wydawnicza Politechniki Wrocławskiej, _c1999. |
||
| 300 |
_a184 s. : _bil. ; _c24 cm. |
||
| 504 | _aBibliogr. przy rozdz. | ||
| 650 | 9 | _aPrzedsiębiorstwo | |
| 655 | _aWydawnictwa popularne | ||
| 700 | 1 |
_aHOPEJ, Marian _d(1951- ). _eRed. |
|
| 700 | 1 |
_aMARTAN, Lesław. _eRed. |
|
| 020 | _a8370854516 | ||
| 040 | _cBPK | ||
| 041 | 0 | _apl | |
| 080 | _a658.1/.5 | ||
| 920 | _a83-7085-451-6 | ||
| 942 | _cKS | ||
| 008 | s pl f |000 0 pol | ||
| 999 |
_c38879 _d38879 |
||
| 856 |
_uhttp://koha.tu.koszalin.pl/cgi-bin/koha/opac-detail.pl?biblionumber=38879 _yKatalog online BPK |
||